| 000 | nam a22 a 4500 | ||
|---|---|---|---|
| 999 |
_c4721 _d4721 |
||
| 003 | AKMAL | ||
| 005 | 20170801094218.0 | ||
| 008 | 17 s2017 my l 00 eng d | ||
| 020 | _cRM49.00 | ||
| 082 | 0 | 4 |
_a346.595063 MAL _221 |
| 090 | 0 | 0 |
_a346.595063 _bMAL |
| 110 | 1 |
_aMalaysia _9400 |
|
| 240 | 1 | 0 |
_aAkta Akauntan, 1967. _lEnglish |
| 245 | 1 | 0 |
_aAccountants Act 1967 (Act 94) and Rules & Audit Act 1957 (Act 62) : _b(as at July 2016) / _ccompiled by Legal Research Board |
| 260 |
_aKuala Lumpur : _bMDC Publishers Sdn. Bhd, _c2017 |
||
| 300 | 0 | 0 |
_a46p. ; _c24cm |
| 650 | 0 |
_aAccountants _xLegal status, laws, etc. _zMalaysia _98762 |
|
| 650 | 0 |
_aAccounting _xLaw and legislation _zMalaysia _98763 |
|
| 650 | 0 |
_aAuditors _xLegal status, laws, etc. _zMalaysia _98764 |
|
| 650 | 0 |
_aAuditing _xLaw and legislation _zMalaysia _98765 |
|
| 710 | 2 |
_aLembaga Penyelidikan Undang-Undang _99041 |
|
| 710 | 1 |
_aMalaysia. _tAkta Audit, 1957 _98766 |
|
| 942 |
_2ddc _cBOOK |
||